00585nam a2200169Ia 4500008004000000020001800040082001600058100002100074245005900095260004500154300001300199650003600212690002500248906001100273999001700284952011400301210210b1991 xxu||||| |||| 00| 0 eng d a81 85475 09 1 a657.48 KUMA aKUMAR (Pramod). aAnalysis of financial statements of Indian industries. aDelhi.bKanishka Publishing House,c1991 axiii,256 aAnalysis Financial Statements  aFinancial Accounting a050696 c99308d99308 00102ddc40708COMaALbALd2021-02-17g250.00l0o657.48 KUMAp050696r2021-02-17 00:00:00w2021-02-17yBK